000 00946cab a2200277 4500
001 ABS46438
008 090401t1992 xxu||||| |||| 00| 0 eng d
035 _a(Sirsi) u58225
041 _aeng
100 _aThomas, W.
245 _aTale of two cities
260 _c1992
350 _a0
490 _aEuroProperty
_v(35) May 1992, 30-34(4)
520 _aLinks Dresden and Leipzig in an exposition of the developmental problems to be overcome if the cities are to achieve the economic prominence they seek. Despite ownership dispute and residual bomb damage, however, investment and rebuilding plans are proceeding with an optimistic outlook.
650 _aDRESDEN
650 _aGERMANY
650 _aLEIPZIG
650 _aOFFICE DEVELOPMENT
650 _aSAXONY
690 _aPROPERTY-COMMERCIAL PROPERTY-COMMERCIAL PROPERTY MARKET
690 _aDEVELOPMENT
690 _aOVERSEAS-EUROPE
942 _n0
948 _c04/03/1997
999 _c35525
_d35525